000 00489nam a2200181Ia 4500
008 100920s9999 xx 000 0 und d
082 _b104661
_a891.43 न 07
100 _aकेशव.
245 _aअलाव.
260 _bभावना प्रकाशन,दिल्ली.
_c2007
300 _a176
_bसाधी
365 _b200
520 _aहिंदी.
630 _aअलाव.
650 _aहिंदी.
730 _aअलाव.
942 _cBOOK
999 _c745093
_d745090